| 000 | 00352nam a22001217a 4500 | ||
|---|---|---|---|
| 008 | 230623b xxu||||| |||| 00| 0 eng d | ||
| 020 | _a9966058478 | ||
| 082 |
_a330.96762 _bKIP 2016 |
||
| 245 | _aKenya Economic Report 2016 | ||
| 260 |
_aNairobi _bThe Kenya Institute for Public Policy Research and Analysis _c2016 |
||
| 300 | _aXVI,222p | ||
| 942 |
_2ddc _cBK |
||
| 999 |
_c2528 _d2528 |
||